书目信息 |
| 题名: |
英汉视听实用解义与缩略语词典
|
|
| 作者: | 丁启芬 主编 | |
| 分册: | ||
| 出版信息: | 北京 光明日报出版社 1995 |
|
| 页数: | 949页 | |
| 开本: | 20cm | |
| 丛书名: | ||
| 单 册: | ||
| 中图分类: | H313.6-61 | |
| 科图分类: | 41.6826072 | |
| 主题词: | 英语-缩略语--词典 , 缩略语-英语--词典 | |
| 电子资源: | ||
| ISBN: | 7-80091-510-7 | |
| 000 | 00958nnam 2200265 45 | |
| 001 | 0196016233 | |
| 005 | 20070729105100.40 | |
| 010 | @a7-80091-510-7@b精装@dCNY37.00 | |
| 100 | @a19950708d1995 emky0chiy0121 ea | |
| 101 | 0 | @achi@aeng |
| 102 | @aCN@b110000 | |
| 105 | @ay e 000yy | |
| 200 | 10 | @a英汉视听实用解义与缩略语词典@AYING HAN SHI TING SHI YONG JIE YI YU SUO LUE YU CI DIAN@f丁启芬等主编@FDING QI FEN DENG ZHU BIAN |
| 210 | @a北京@c光明日报出版社@d1995 | |
| 215 | @a949页@d20cm | |
| 300 | @a并列题名:Practical English-Chinese dictionary of audiovision exposition and abbreviation | |
| 510 | 1 | @aPractical English-Chinese dictionary of audiovision exposition and abbreviation@zeng |
| 540 | 1 | @a英汉 视听@AYING HAN SHI TING |
| 606 | @a英语-缩略语@x词典 | |
| 606 | @a缩略语-英语@x词典 | |
| 690 | @aH313.6-61 | |
| 692 | @a41.6826072 | |
| 701 | 0 | @a丁启芬@ADING QI FEN@4主编 |
| 801 | 0 | @aCN@bTSSF@c20070729 |
| 905 | @a10447@dH313.6-61@e659 | |
| 英汉视听实用解义与缩略语词典/丁启芬等主编.-北京:光明日报出版社,1995 |
| 949页;20cm |
| 并列题名:Practical English-Chinese dictionary of audiovision exposition and abbreviation |
| ISBN 7-80091-510-7(精装):CNY37.00 |
| ● |
| 相关链接 |
|
|
|
|
正题名:英汉视听实用解义与缩略语词典
索取号:H313.6-61/659
 
预约/预借
| 序号 | 登录号 | 条形码 | 馆藏地/架位号 | 状态 | 备注 |
| 1 | 0784825 | 207848258 | 第二样本阅览室/ [索取号:H313.6-61/659] | 在馆 |